[Event "OP-2023-0-05380"]
[Site "LSS email"]
[Date "2023.02.15"]
[Round "?"]
[White "Maly, Marian"]
[Black "Cerne, Peter"]
[Result "0-1"]
[WhiteElo "726"]
[BlackElo "1828"]
[PlyCount "50"]
[EventDate "2023.02.15"]
[EventType "tourn (corr)"]
[EventRounds "4"]
[EventCountry "GER"]
[SourceTitle "Corr 2024"]
[Source "ChessBase"]
[SourceDate "2023.10.19"]
[SourceVersion "1"]
[SourceVersionDate "2023.10.19"]
[SourceQuality "1"]

1. d4 Nf6 2. c4 e6 3. Bg5 h6 4. Bxf6 Qxf6 5. e3 c5 6. Nc3 cxd4 7. Qxd4 b6 8. Qe4 Nc6 9. 0-0-0 Qxf2 10. Nh3 Qf5 11. Qxf5 exf5 12. g3 Ba6 13. Nd5 0-0-0 14. b3 Nb4 15. Nxb4 Bxb4 16. Bg2 Rhe8 17. Rhf1 Rxe3 18. Rxf5 Re2 19. Bf1 Ba3+ 20. Kb1 Rb2+ 21. Ka1 Rxh2 22. Nf4 Bb7 23. Rxf7 Re8 24. Nd5 Rd2 25. Rxd2 Re1+ 0-1

[Event "OP-2023-0-05367"]
[Site "LSS email"]
[Date "2023.01.07"]
[Round "?"]
[White "Farr, Dorota"]
[Black "Cerne, Peter"]
[Result "1/2-1/2"]
[WhiteElo "1639"]
[BlackElo "1781"]
[PlyCount "50"]
[EventDate "2022.12.28"]
[EventType "tourn (corr)"]
[EventRounds "4"]
[EventCountry "GER"]
[SourceTitle "Corr 2024"]
[Source "ChessBase"]
[SourceDate "2023.10.19"]
[SourceVersion "1"]
[SourceVersionDate "2023.10.19"]
[SourceQuality "1"]

1. d4 d5 2. e4 dxe4 3. Nc3 Nf6 4. f3 exf3 5. Nxf3 c6 6. Bc4 Bf5 7. Ne5 e6 8. g4 Bg6 9. h4 Bb4 10. 0-0 Bxc2 11. Nxf7 Kxf7 12. Qe2 Qxd4+ 13. Kg2 Ke8 14. Rf4 Qd6 15. Qxc2 Bxc3 16. bxc3 Nd5 17. Bxd5 cxd5 18. Qa4+ Qd7 19. Rb1 Qxa4 20. Rxa4 Rf8 21. Rxb7 Rf7 22. Rb6 Kd7 23. Rb7+ Ke8 24. Rb6 Kd7 25. Rb7+ Ke8 1/2-1/2

[Event "OP-2023-0-05367"]
[Site "LSS email"]
[Date "2023.01.07"]
[Round "?"]
[White "Swiatek, Janusz"]
[Black "Cerne, Peter"]
[Result "1/2-1/2"]
[WhiteElo "2099"]
[BlackElo "1781"]
[PlyCount "61"]
[EventDate "2022.12.28"]
[EventType "tourn (corr)"]
[EventRounds "4"]
[EventCountry "GER"]
[SourceTitle "Corr 2024"]
[Source "ChessBase"]
[SourceDate "2023.10.19"]
[SourceVersion "1"]
[SourceVersionDate "2023.10.19"]
[SourceQuality "1"]

1. e4 e5 2. Nf3 Nc6 3. Bb5 Nge7 4. Nc3 Ng6 5. h4 h5 6. d4 Nxd4 7. Nxd4 exd4 8. Qxd4 c6 9. Be2 Qb6 10. Qd1 Bc5 11. 0-0 Qc7 12. Bg5 Nf4 13. e5 Qxe5 14. Bf3 Ne6 15. Re1 Qd4 16. Ne4 d5 17. Nxc5 Qxc5 18. Bf4 0-0 19. Be5 Qe7 20. c4 d4 21. Bg3 g6 22. Qd2 Rd8 23. Rac1 a5 24. c5 Kh7 25. Rc4 Qf6 26. a3 Qe7 27. Re4 Qf8 28. Bd6 Rxd6 29. cxd6 c5 30. Bxh5 gxh5 31. Rxe6 1/2-1/2

[Event "OP-2022-0-05364"]
[Site "LSS email"]
[Date "2022.12.25"]
[Round "?"]
[White "Cerne, Peter"]
[Black "Trevis, Robert"]
[Result "1-0"]
[WhiteElo "1767"]
[BlackElo "255"]
[PlyCount "37"]
[EventDate "2022.12.15"]
[EventType "tourn (corr)"]
[EventRounds "4"]
[EventCountry "GER"]
[SourceTitle "Corr 2024"]
[Source "ChessBase"]
[SourceDate "2023.10.19"]
[SourceVersion "1"]
[SourceVersionDate "2023.10.19"]
[SourceQuality "1"]

1. e4 e5 2. Nf3 Nc6 3. Bb5 a6 4. Ba4 b5 5. Bb3 Bb4 6. c3 Bc5 7. a4 Qf6 8. axb5 Nd8 9. 0-0 Ne7 10. d4 exd4 11. cxd4 Bb4 12. Ra4 Qh6 13. Bxh6 gxh6 14. Rxb4 axb5 15. Rxb5 c6 16. Rh5 Ba6 17. Re1 d5 18. exd5 cxd5 19. Ba4+ 1-0

[Event "OP-2022-0-05364"]
[Site "LSS email"]
[Date "2022.12.25"]
[Round "?"]
[White "Puertas, Francisco Javier"]
[Black "Cerne, Peter"]
[Result "1/2-1/2"]
[WhiteElo "1652"]
[BlackElo "1767"]
[PlyCount "96"]
[EventDate "2022.12.15"]
[EventType "tourn (corr)"]
[EventRounds "4"]
[EventCountry "GER"]
[SourceTitle "Corr 2024"]
[Source "ChessBase"]
[SourceDate "2023.10.19"]
[SourceVersion "1"]
[SourceVersionDate "2023.10.19"]
[SourceQuality "1"]

1. d4 Nf6 2. c4 e6 3. Nf3 b6 4. Nc3 Bb4 5. Bg5 h6 6. Bh4 g5 7. Bg3 Ne4 8. Rc1 Bxc3+ 9. bxc3 d6 10. Nd2 Nxg3 11. hxg3 0-0 12. Rxh6 Kg7 13. Rh5 Bb7 14. e3 Rh8 15. Qg4 Rxh5 16. Qxh5 Qf6 17. Bd3 Qh6 18. Qxh6+ Kxh6 19. f4 Bxg2 20. e4 Bh3 21. Kf2 Nd7 22. Rh1 g4 23. Bf1 Kg6 24. Bxh3 gxh3 25. Rxh3 b5 26. cxb5 Nb6 27. g4 a6 28. a4 Nxa4 29. c4 axb5 30. cxb5 Nb6 31. Rc3 Ra2 32. Ke3 Ra7 33. Rc6 Rb7 34. Nf3 Kf6 35. Rc1 Ke7 36. f5 exf5 37. gxf5 Nc8 38. Ng5 Nb6 39. Rh1 Nd7 40. Rh7 Ke8 41. Rxf7 Rxb5 42. Rh7 Nf6 43. Rxc7 Rb3+ 44. Ke2 Ra3 45. Rc8+ Ke7 46. Rc7+ Ke8 47. Rc8+ Ke7 48. Rc7+ Ke8 1/2-1/2

[Event "OP-2022-0-05354"]
[Site "LSS email"]
[Date "2022.11.12"]
[Round "?"]
[White "Maly, Marian"]
[Black "Cerne, Peter"]
[Result "0-1"]
[WhiteElo "713"]
[BlackElo "1730"]
[PlyCount "44"]
[EventDate "2022.11.11"]
[EventType "tourn (corr)"]
[EventRounds "4"]
[EventCountry "GER"]
[SourceTitle "Corr 2024"]
[Source "ChessBase"]
[SourceDate "2023.10.19"]
[SourceVersion "1"]
[SourceVersionDate "2023.10.19"]
[SourceQuality "1"]

1. Nf3 Nf6 2. Nc3 d5 3. d4 g6 4. Bg5 Ne4 5. h4 Bg7 6. e3 c5 7. Bd3 Nxc3 8. bxc3 Qa5 9. 0-0 c4 10. Be2 Qxc3 11. Ne5 f6 12. Bg4 e6 13. Bxf6 Bxf6 14. Re1 Bxe5 15. dxe5 Qxe5 16. Rb1 Nc6 17. f4 Qc3 18. e4 d4 19. f5 Ne5 20. fxe6 0-0 21. Rb5 Nxg4 22. h5 Qg3 0-1

[Event "OP-2022-0-05302"]
[Site "LSS email"]
[Date "2022.06.24"]
[Round "?"]
[White "Cerne, Peter"]
[Black "Vitello, Gabry"]
[Result "1/2-1/2"]
[WhiteElo "1620"]
[BlackElo "1743"]
[PlyCount "50"]
[EventDate "2022.06.17"]
[EventType "tourn (corr)"]
[EventRounds "4"]
[EventCountry "GER"]
[SourceTitle "Corr 2024"]
[Source "ChessBase"]
[SourceDate "2023.10.19"]
[SourceVersion "1"]
[SourceVersionDate "2023.10.19"]
[SourceQuality "1"]

1. e4 e6 2. d4 d5 3. Nc3 Nf6 4. exd5 exd5 5. Bd3 Nc6 6. Bb5 Bb4 7. Nge2 h6 8. 0-0 0-0 9. Ng3 Bd6 10. Nce2 Ne7 11. Bd3 c5 12. dxc5 Bxc5 13. b3 Re8 14. Bb2 Nc6 15. h3 Ne5 16. a4 Bd7 17. Qd2 Rc8 18. Rad1 Qb6 19. Bd4 Kh8 20. a5 Qc7 21. a6 Bxd4 22. Nxd4 Nxd3 23. Qxd3 b5 24. Ra1 Qb6 25. Nde2 Re6 1/2-1/2

[Event "OP-2022-0-05296"]
[Site "LSS email"]
[Date "2022.06.05"]
[Round "?"]
[White "Swiatek, Janusz"]
[Black "Cerne, Peter"]
[Result "1/2-1/2"]
[WhiteElo "2003"]
[BlackElo "1587"]
[PlyCount "67"]
[EventDate "2022.06.01"]
[EventType "tourn (corr)"]
[EventRounds "4"]
[EventCountry "GER"]
[SourceTitle "Corr 2024"]
[Source "ChessBase"]
[SourceDate "2023.10.19"]
[SourceVersion "1"]
[SourceVersionDate "2023.10.19"]
[SourceQuality "1"]

1. d4 Nf6 2. c4 e6 3. Nf3 Bb4+ 4. Nbd2 b6 5. a3 Bxd2+ 6. Nxd2 Bb7 7. e3 0-0 8. b4 a5 9. b5 d6 10. Qc2 Nbd7 11. a4 e5 12. d5 Nc5 13. e4 Qe7 14. Be2 Rae8 15. g4 Bc8 16. Rg1 Kh8 17. Ra3 g5 18. Rag3 h5 19. gxh5 g4 20. R3g2 Nxh5 21. Nb3 Nf4 22. Bxf4 exf4 23. Nxc5 bxc5 24. Bxg4 Qxe4+ 25. Kd2 Qd4+ 26. Qd3 Qb2+ 27. Kd1 Qa1+ 28. Kd2 Qb2+ 29. Kd1 Qa1+ 30. Kc2 Qa2+ 31. Kc1 Qa1+ 32. Kc2 Qa2+ 33. Kc1 Qa1+ 34. Kc2 1/2-1/2

[Event "OP-2022-0-05295"]
[Site "LSS email"]
[Date "2022.05.31"]
[Round "?"]
[White "Cerne, Peter"]
[Black "Swiatek, Janusz"]
[Result "1/2-1/2"]
[WhiteElo "1587"]
[BlackElo "1982"]
[PlyCount "58"]
[EventDate "2022.05.30"]
[EventType "tourn (corr)"]
[EventRounds "4"]
[EventCountry "GER"]
[SourceTitle "Corr 2024"]
[Source "ChessBase"]
[SourceDate "2023.10.19"]
[SourceVersion "1"]
[SourceVersionDate "2023.10.19"]
[SourceQuality "1"]

1. e4 e5 2. Nf3 Nc6 3. Bb5 Nf6 4. d4 exd4 5. 0-0 a6 6. Ba4 Be7 7. e5 Ne4 8. Nxd4 0-0 9. Nf5 d5 10. Nxe7+ Nxe7 11. c3 Nc5 12. Bc2 Bf5 13. Na3 c6 14. Bg5 Qc7 15. Bxe7 Bxc2 16. Nxc2 Qxe7 17. Qd4 Ne6 18. Qd2 f6 19. Rae1 Rae8 20. Nd4 Qd7 21. Nf3 h6 22. Re3 f5 23. Rfe1 Qf7 24. R3e2 f4 25. Qd1 g5 26. Nd4 Nxd4 27. Qxd4 f3 28. e6 Qf4 29. Qd3 Re7 1/2-1/2

[Event "OP-2022-0-05289"]
[Site "LSS email"]
[Date "2022.05.21"]
[Round "?"]
[White "Cerne, Peter"]
[Black "Swiatek, Janusz"]
[Result "1/2-1/2"]
[WhiteElo "1550"]
[BlackElo "1963"]
[PlyCount "40"]
[EventDate "2022.05.13"]
[EventType "tourn (corr)"]
[EventRounds "4"]
[EventCountry "GER"]
[SourceTitle "Corr 2024"]
[Source "ChessBase"]
[SourceDate "2023.10.19"]
[SourceVersion "1"]
[SourceVersionDate "2023.10.19"]
[SourceQuality "1"]

1. e4 e5 2. Nf3 Nc6 3. Bb5 Nf6 4. 0-0 Nxe4 5. d4 Nd6 6. dxe5 Nxb5 7. a4 Nbd4 8. Nxd4 d5 9. exd6 Nxd4 10. Qxd4 Qxd6 11. Qe4+ Qe6 12. Qd4 Qd6 13. Qe3+ Be6 14. Nc3 a6 15. Rd1 Qc6 16. Rd3 Be7 17. Ne2 Bc4 18. Rd4 Be6 19. Rd3 Bc4 20. Rd4 Be6 1/2-1/2

[Event "RD-2022-0-00169"]
[Site "LSS email"]
[Date "2022.05.05"]
[Round "?"]
[White "Cerne, Peter"]
[Black "Wakeham, Marc"]
[Result "1-0"]
[WhiteElo "1496"]
[BlackElo "1427"]
[PlyCount "63"]
[EventDate "2021.04.21"]
[EventType "tourn (corr)"]
[EventRounds "6"]
[EventCountry "GER"]
[SourceTitle "Corr 2024"]
[Source "ChessBase"]
[SourceDate "2023.10.19"]
[SourceVersion "1"]
[SourceVersionDate "2023.10.19"]
[SourceQuality "1"]

1. e4 c5 2. Nf3 d6 3. d4 cxd4 4. Nxd4 Nf6 5. Nc3 a6 6. g3 e5 7. Nb3 Be7 8. Bg5 Be6 9. f4 exf4 10. Bxf4 Nc6 11. Qd2 0-0 12. 0-0-0 Re8 13. Bxd6 Bxd6 14. Qxd6 Bxb3 15. Qxd8 Raxd8 16. Rxd8 Rxd8 17. axb3 Ng4 18. Bc4 Rd6 19. h4 Nge5 20. Rf1 Nxc4 21. bxc4 Kf8 22. b3 Ke8 23. Rf4 h6 24. Ne2 Ke7 25. Rf3 Ke8 26. Nf4 Rf6 27. Rd3 b5 28. cxb5 axb5 29. Rd5 b4 30. Kd2 Nd8 31. Re5+ Kf8 32. Rc5 1-0